| 000 | 01258nam a2200289 a 4500 | ||
|---|---|---|---|
| 003 | OSt | ||
| 005 | 20230719112736.0 | ||
| 007 | cr ||||||a|c|a | ||
| 008 | 230710s2023 mx a|||fom||| 001 0 spa d | ||
| 040 | _erda | ||
| 100 | 1 |
_9187547 _aMontero Hernández, Rocio |
|
| 245 | 1 |
_aGerminación de semillas de Agave convallis, Agave durangensis y Agave potatorum mediante peróxido de hidrógeno y su posición / _cpor Rocio Montero Hernández ; director de tesis Alejandro F. Barrientos Priego. |
|
| 264 | 1 |
_aChapingo, México : _bEl autor, _c2023. |
|
| 300 |
_a1 recurso en línea (51 páginas): _bcuadros, imagenes. |
||
| 336 |
_2rdacontent _atexto _btxt |
||
| 337 |
_2rdamedia _acomputadora _bc |
||
| 338 |
_2rdacarrier _arecurso en línea _bcr |
||
| 502 |
_bIAEF _cFitotecnia _d2023. _gLIC |
||
| 504 | _aIncluye referencias bibliográficas: páginas 37-41. | ||
| 650 | 4 |
_91089 _aAgave _xRendimiento |
|
| 650 | 4 |
_9103903 _aSemillas _xGerminación |
|
| 650 | 4 |
_9135401 _aAgave _xCultivo |
|
| 650 | 4 |
_9103933 _aSemillas _xViabilidad |
|
| 700 | 1 |
_910489 _aBarrientos Priego, Alejandro F. _eDirector de tesis. |
|
| 856 |
_uhttp://10.13.5.2/tesis/tl/1110163-5_Montero-Hernandez_Rocio.pdf _zDESCARGAR PDF |
||
| 942 |
_2Clasificación Universidad Autónoma Chapingo _cTD |
||
| 999 |
_c219018 _d219018 |
||